| 000 | 01039cam a2200313Li 4500 | ||
|---|---|---|---|
| 001 | 86526 | ||
| 005 | 20230411090045.0 | ||
| 008 | 790101s1978 sp 000 0 und d | ||
| 035 | _a(OCoLC)ocn462073942 | ||
| 040 |
_aBDF _bfre _cBDF |
||
| 015 |
_a57811516 _2bnf |
||
| 016 | 7 |
_aFRBNF352319750000003 _2FrPBN |
|
| 020 | _a8470174819 | ||
| 020 | _a9788470174810 | ||
| 035 | _a(OCoLC)462073942 | ||
| 049 | _aGRAL | ||
| 100 | 1 |
_aBlanc, Felicidad. _4aut |
|
| 245 | 1 | 0 |
_aEspejo de sombras / _cFelicidad Blanc. |
| 250 | _a3a edición. | ||
| 260 |
_aBarcelona : _bArgos, _c1977. |
||
| 300 |
_a246 p. _ [24] p. de pl. : _bill., couv. ill. ; _c20 cm. |
||
| 856 | 4 | 2 |
_3Notice et cote du catalogue de la Bibliothéque nationale de France _uhttp://catalogue.bnf.fr/ark:/12148/cb35231975n |
| 886 | 1 |
_2intermrc _a009 _bax-x--------------- |
|
| 886 | 2 |
_2intermrc _a917 _b-- _oOPL _a010062979 |
|
| 886 | 2 |
_2intermrc _a918 _b-- _oOPL _a00019325 _bMON005 |
|
| 886 | 2 |
_2intermrc _a919 _b-- _pFR _oNCG _aC3807450000 |
|
| 942 |
_2lcc _cbk |
||
| 994 |
_aC0 _bDRFGD |
||
| 999 |
_c111705 _d111705 |
||